The effect of iron supplement on the growth of rural Indonesian school children /

Bibliographic Details
Main Author: Chwang, Leh-Chii
Format: Thesis Microform Book
Language:English
Published: [Place of publication not identified] : [publisher not identified] ; 1985.
Subjects:

MARC

Tag First Indicator Second Indicator Subfields
LEADER 00000cam a2200000 a 4500
001 in00000015514
005 20151007052531.0
007 he amb|||||||
008 880517r19861985miua bb 00010 eng d
035 |a (OCoLC)17961211 
035 |9 AAA8184AM 
040 |a TXA  |c TXA  |d UtOrBLW 
043 |a a-io--- 
049 |a TXAI 
099 |a fiche  |a C  |a 9641 
100 1 |a Chwang, Leh-Chii. 
245 1 4 |a The effect of iron supplement on the growth of rural Indonesian school children /  |c by Leh-Chii Chwang. 
264 1 |a [Place of publication not identified] :  |b [publisher not identified] ;  |c 1985. 
300 |a xi, 103 leaves :  |b illustrations 
336 |a text  |b txt  |2 rdacontent 
337 |a microform  |b h  |2 rdamedia 
338 |a microfiche  |b he  |2 rdacarrier 
502 |b D.P.H.  |c University of Texas Health Science Center at Houston  |d 1985. 
504 |a Bibliography: leaves 96-102. 
533 |a Microfiche.  |b Ann Arbor, Mich. :  |c University Microfilms International,  |d 1986.  |e 2 microfiches ; 11 x 15 cm. 
500 |a Microform. 
650 0 |a Child development  |z Indonesia. 
650 0 |a Children  |z Indonesia  |x Growth. 
650 0 |a Iron  |x Therapeutic use. 
999 |a MARS 
999 f f |s 59614c49-f2e7-3530-8b53-b61adb709a9b  |i 9d4c2e70-5d56-3b99-94a0-9daf132a8f9e  |t 0 
952 f f |p normal  |a Texas A&M University  |b College Station  |c Sterling C. Evans Library  |d Evans: Microforms (3rd floor)  |t 0  |e fiche C 9641  |h Other scheme  |i microform -- microfiche  |m A14823246680 
998 f f |a fiche C 9641  |t 0  |l Evans: Microforms (3rd floor)